Central Library OPAC University of Rajshahi

Bionomics and Morphometrics Aphis Craccivora Koch (Homoptera : Aphididae) and its Integrated Management / (Record no. 83785)

MARC details
000 -LEADER
fixed length control field 00934nam a2200241 a 4500
001 - CONTROL NUMBER
RUCL Control Number 83785
003 - CONTROL NUMBER IDENTIFIER
rucl marc code BD-RjUL
005 - DATE AND TIME OF LATEST TRANSACTION
control field 20240520132632.0
008 - FIXED-LENGTH DATA ELEMENTS--GENERAL INFORMATION
fixed length control field 240520s2008 bg a|||| m||| 00| 0 eng d
035 ## - SYSTEM CONTROL NUMBER
system control number (BD-RjUL)83785
040 ## - CATALOGING SOURCE
Original cataloging agency BD-RjUL
Language of cataloging eng
Transcribing agency BD-RjUL
Modifying agency BD-RjUL
041 ## - LANGUAGE CODE
Language code of Book eng
082 ## - DEWEY DECIMAL CLASSIFICATION NUMBER
DDC Edition number 23
Classification number 595.75
Author mark and Year PAB 2008
100 ## - MAIN ENTRY--PERSONAL NAME
Personal name Parvin, Fardous Ara
9 (RLIN) 13088
245 10 - TITLE STATEMENT
Title Bionomics and Morphometrics Aphis Craccivora Koch (Homoptera : Aphididae) and its Integrated Management /
Statement of responsibility, etc By Fardous Ara Parvin ;
Name of Supervisor/Co-Supervisor Supervisor : B. C. Das
260 ## - PUBLICATION, DISTRIBUTION, ETC. (IMPRINT)
Place of publication, distribution, etc Rajshahi :
Name of publisher, distributor, etc Institute of Biological Sciences, University of Rajshahi,
Date of publication, distribution, etc 2008
300 ## - PHYSICAL DESCRIPTION
Pagination viii, 405, xi, Leaves :
Other physical details ill, ;
Dimensions 29 cm.
502 ## - DISSERTATION NOTE
Dissertation note Thesis (Ph. D.) -- Institute of Biological Sciences, University of Rajshahi, 2008
504 ## - BIBLIOGRAPHY, ETC. NOTE
Bibliography, etc References : Leaves [310]-405
650 ## - SUBJECT ADDED ENTRY--TOPICAL TERM
Topical term or geographic name as entry element Arthropoda
Form subdivision Homoptera
9 (RLIN) 13080
700 ## - ADDED ENTRY--SUPERVISOR/CO-SUPERVISOR NAME
Personal name Das, B. C., Supervisor
9 (RLIN) 13083
942 ## - ADDED ENTRY ELEMENTS (KOHA)
Source of classification or shelving scheme Dewey Decimal Classification
Koha item type Theses
Holdings
Source of classification or shelving scheme Damaged status Not for loan Collection code Permanent Location Current Location Shelving location Date of accession Source of acquisition Total Checkouts Full call number Barcode Date last seen Copy number Thesis
Dewey Decimal Classification   Not For Loan Theses Central Library, University of Rajshahi Central Library, University of Rajshahi Documentation Section 12/08/2009 Controller of Exam. R. U.   THE 595.75 PAB 2008 D2993 20/05/2024 C-I Theses